| 000 | 00483nam a2200145Ia 4500 | ||
|---|---|---|---|
| 008 | 230917s9999||||xx |||||||||||||| ||und|| | ||
| 040 |
_e171445 _aMAIN |
||
| 041 | _aEnglish | ||
| 082 | _a891.431731 SR98A | ||
| 100 | _aस्कसेना, राजीव | ||
| 245 | 0 | _aआत्म निर्वासन तथा अन्य कविताएँ | |
| 260 |
_aदिल्ली _bराजकमल प्रकाशन _c1966 |
||
| 300 | _a102 पृ. p. | ||
| 942 | _cHN | ||
| 999 |
_c200162 _d200162 |
||